01891cam a22003018a 450000100090000000300040000900500170001300800410003001000170007102000380008803500200012604000180014604200080016406000120017208200220018424500650020624600290027126000480030026300090034830000140035749000230037150400510039450509980044565000460144365000560148970000200154583000240156517088619OSt20150408114220.0111215s2012 pau b 001 0 eng  a 2011051754 a9781455700844 (pbk. : alk. paper) a(DNLM)101574715 aDNLM/DLCcDLC apcc10aWN 18.200a616.07548 DRD22300aDuke review of MRI principles /cWells Mangrum ... [et al.].1 aReview of MRI principles aPhiladelphia, PA :bElsevier/Mosby,cc2012. a1204 ap. ;ccm.1 aCase review series aIncludes bibliographical references and index.0 aT1 contrast / Phil Hoang ... [et al.] -- T2 contrast / Scott Duncan and Tim Amrhein -- Proton density / Kimball Christianson ... [et al.] -- Gadolinium-based contrast agents / Kimball Christianson, Allen Song, Elmar Merkle -- Preparatory pulses / Phil Hoang ... [et al.] -- Inversion recovery / Phil Hoang ... [et al] -- Chemical shift type II artifact / Scott Duncan and Tim Amrhein -- Susceptibility artifact / Wells Mangrum, Elmar Merkle, Allen Song -- Motion, pulsation and other artifacts / Kimball Christianson ... [et al.] -- Flow related contrast / Scott Duncan and Tim Amrhein -- Time of flight imaging / Scott Duncan and Tim Amrhein -- Time-resolved contrast enhanced MRA / Kimball Christianson ... [et al.] -- Phase contrast / Scott Duncan and Tim Amrhein -- Diffusion MRI / Kimball Christianson ... [et al.] -- Perfusion MRI / Wells Mangrum ... [et al.] -- Magnetic resonance spectroscopy / Wells Mangrum, Allen Song, Jeffrey Petrella -- Function MRI -- Wells Mangrum ... [et al.].12aMagnetic Resonance ImagingvCase Reports.12aMagnetic Resonance ImagingvProblems and Exercises.1 aMangrum, Wells. 0aCase review series.